00519nam a2200181Ia 4500003000900000008004100009040001600050080001500066100001900081245009300100250001200193260003000205300001500235490004300250650001200293650001300305650001900318IN-BaIIA211028s9999 xx 000 0 eng d cIIA Library a512.8bHOH aHohn, Franz E. 0aElementary matrix algebracFranz E. Hohn  a2nd ed. aNew YorkbMacmillanc1964 axiv, 395p. aA series of advanced mathematics texts aAlgebra aMatrices aNASA Thesaurus